Statistiques concernant Eras de Taylor Swift

Cliquez ici pour prendre le quiz!

Statistiques générales

  • Ce quiz a été pris 97 fois
  • Le résultat moyen est 10 sur 10

Statistiques - réponses

Eras% Correct
Reputation
98%
1989
97%
Fearless
97%
Lover
97%
Red
97%
Midnights
95%
Taylor Swift
94%
Evermore
94%
Speak Now
94%
Folklore
92%

Distribution des résultats

Percentile par nombre de réponses

% des personnes avec chaque résultat

Votre développement - résultats

Vous n’avez pas pris ce quiz